000 00778nam a2200205 i 4500
001 153549
003 ES-MaACL
005 20250729042546.0
008 931025s1789 sp |||| | spa d
040 _aCARM
_bspa
_cPAB
100 1 _aDonato, Nicolo.
_9166320
245 1 3 _aEl hombre de estado
_b: obra escrita en italiano /
_cpor Nicolas Donato ; traducida al frances... y de éste al castellano ; tomo primero.
260 _aEn Madrid :
_ben la imprenta de D. Benito Cano,
_c1789.
300 _aXVIII, 440 p. ;
_c4\pa\s.
597 1 _aSign.: *-2*\p4\s, 3*\p1\s, A-Z\p4\s, 2A-2Z\p4\s, 3A-3I\p4\s.
650 7 _aDerecho político
_2embne
_9135897
852 _aES-MaACL
_jR-1397
_z-- Enc. pasta
_d-- Olim: G-12066
999 _c153549
_d153549